=LDR 00000nam 2200000 4500 =001 INLIS000000000034793 =005 20130612140703 =008 ***********************************ind** =035 ##$$0010-061300000034793 =041 ##$$a ind =082 ##$$a 2x0 =090 ##$$a 2x0, Yul s =100 ##$$a Yulianty, Rani =245 ##$$a Super Islam, Yuk, mengenal Islam dengan menyenangkan/ Rani Yulianty; Penyunting, Halfino Benny A.D, Zaini Abdul Malik,S.Ag.,MA; Penyunting,Mita =260 ##$$b Bandung =300 ##$$a v,171 hlm., Ilus., 26 cm =650 ##$$a Islam - Bacaan Anak-anak =700 ##$$a Berry AD, Halfino =850 ##$$a NBPNMAT